|
|
|
|
| LEADER |
00000nab a2200000 ar4500 |
| 001 |
vtls009168529 |
| 003 |
SK-MaSNL |
| 005 |
20260311224754.0 |
| 008 |
071218c20071130xo |||||||||||000 b|slo |
| 015 |
|
|
|a SNBRB2007/12
|2 snkbucl
|
| 038 |
|
|
|a SNKBUCL
|
| 040 |
|
|
|a SNKBUCL
|b slo
|c SNKBUCL
|e AACR2
|
| 041 |
0 |
|
|a slo
|
| 044 |
|
|
|a xo
|c SK
|
| 080 |
|
|
|a 631.372
|x (437)
|x (091)
|2 1997
|
| 100 |
1 |
|
|a Žikla, Anton,
|d 1945-
|4 aut
|9 109651
|
| 245 |
1 |
0 |
|a Svieži závan nostalgie
|c Anton Žikla, Pavol Cvíčela
|
| 300 |
|
|
|b Fotogr., obr.
|
| 650 |
0 |
7 |
|a traktory
|2 snkbucl
|9 26007
|
| 650 |
0 |
7 |
|a historické aspekty
|2 snkbucl
|9 680539
|
| 651 |
|
7 |
|a Československo
|2 snkbucl
|9 21376
|
| 700 |
1 |
|
|a Cvíčela, Pavol
|4 aut
|9 653358
|
| 773 |
0 |
|
|t Sme. Roľnícke noviny
|g Č. 275 (30.11.2007)
|x 1335-440X
|
| 773 |
0 |
8 |
|i Príl.:
|t Roľnícke noviny
|g Č. 48 (30.11.2007), s. 9
|
| 852 |
|
|
|a SNK
|b KIS3GCP
|
| 999 |
|
|
|c 3261981
|d 3263911
|